Phương pháp nghiên cứu xã hội học Tài liệu hướng dẫn học tập
Spremljeno u:
| Autor kompanije: | |
|---|---|
| Format: | Knjiga |
| Izdano: |
Tp.Hồ Chí Minh
2006
|
| Oznake: |
Dodaj oznaku
Bez oznaka, Budi prvi tko označuje ovaj zapis!
|
| Thư viện lưu trữ: | Trung tâm Học liệu Lê Vũ Hùng, Trường Đại học Đồng Tháp |
|---|
| LEADER | 00623pam a22001698a 4500 | ||
|---|---|---|---|
| 001 | 00039443 | ||
| 005 | 20171026081025.0 | ||
| 008 | 170519s2006 ||||||Viesd | ||
| 041 | 0 | # | |a Vie |
| 082 | 1 | 4 | |a 307 |b T103L |
| 110 | 1 | # | |a Đại, học mở bán công TP.HCM |
| 245 | 1 | 0 | |a Phương pháp nghiên cứu xã hội học |b Tài liệu hướng dẫn học tập |c Nguyễn Xuân Nghĩa |
| 260 | # | # | |a Tp.Hồ Chí Minh |c 2006 |
| 300 | # | # | |a 168 tr. |b 21cm |
| 852 | # | # | |b Kho đọc |j KD.1001724 |
| 910 | |d 19/05/2017 | ||
| 980 | # | # | |a Trung tâm Học liệu Lê Vũ Hùng, Trường Đại học Đồng Tháp |